[Event "Goldener Springer 2020"]
[Site "Frankfurt-Griesheim"]
[Date "2020.??.??"]
[Round "5"]
[White "Rondonuwu, Grover"]
[Black "Stock, Juergen"]
[Result "0-1"]
[WhiteElo "2053"]
[BlackElo "1862"]
[PlyCount "70"]
[EventDate "2020.??.??"]
[WhiteTeam "Frankfurter TV"]
[BlackTeam "Sfr. Kelkheim"]

1. d4 e6 2. c4 f5 3. Nc3 Nf6 4. Bg5 c6 5. e4 fxe4 6. c5 d5 7. f3 e3 8. Bd3 b6
9. b4 bxc5 10. bxc5 Qa5 11. Nge2 Ba6 12. O-O Be7 13. Qc2 Nbd7 14. f4 O-O 15.
Bxh7+ Nxh7 16. Bxe7 Rf7 17. Bd6 Nhf6 18. Rf3 Bxe2 19. Nxe2 Ne4 20. Rxe3 Nxd6
21. cxd6 c5 22. Rh3 Nf6 23. dxc5 Ne4 24. Rc1 Rc8 25. Qb1 Rxc5 26. Rb3 Rxc1+ 27.
Qxc1 Qxa2 28. Qc8+ Kh7 29. Rh3+ Kg6 30. Qxe6+ Rf6 31. Qg4+ Kf7 32. Qd7+ Kg6 33.
Qe8+ Rf7 34. f5+ Kg5 35. Qxe4 dxe4 0-1

[Event "Goldener Springer 2020"]
[Site "Frankfurt-Griesheim"]
[Date "2020.??.??"]
[Round "5"]
[White "Calvi, Stefan"]
[Black "Kaehm, Kevin"]
[Result "1-0"]
[WhiteElo "2072"]
[BlackElo "1608"]
[PlyCount "65"]
[EventDate "2020.??.??"]
[WhiteTeam "SF Frankfurt"]
[BlackTeam "SK Bischofsheim"]

1. e4 e5 2. Nf3 Nc6 3. d4 exd4 4. Nxd4 d6 5. c4 Nxd4 6. Qxd4 Nf6 7. Nc3 c5 8.
Qd3 Be7 9. Bf4 a6 10. O-O-O O-O 11. Bxd6 Bxd6 12. Qxd6 Qa5 13. Qd3 Be6 14. Kb1
g6 15. f3 b5 16. Nd5 Nxd5 17. cxd5 Rfd8 18. Qd2 b4 19. Bc4 Bd7 20. d6 Bb5 21.
Bd5 Ra7 22. e5 Bd7 23. g4 Be6 24. h4 c4 25. Bxe6 fxe6 26. Qd4 Rf7 27. h5 c3 28.
hxg6 hxg6 29. Qe4 Rg7 30. Rh6 cxb2 31. Rdh1 g5 32. Rh8+ Kf7 33. Qb7+ 1-0

[Event "Goldener Springer 2020"]
[Site "Frankfurt-Griesheim"]
[Date "2020.??.??"]
[Round "5"]
[White "Dreis, Volker"]
[Black "Kuban, Guenther"]
[Result "1-0"]
[WhiteElo "1926"]
[BlackElo "2105"]
[Annotator "Lotz,Kolja Alecsander"]
[PlyCount "91"]
[EventDate "2020.??.??"]
[WhiteTeam "SV Frankfurt Nord"]
[BlackTeam "SV Oberursel"]

1. e4 c5 2. Nf3 Nc6 3. d4 cxd4 4. Nxd4 Nf6 5. Nc3 e6 6. Ndb5 d6 7. Bf4 e5 8.
Bg5 a6 9. Na3 Be6 10. Nc4 Nd4 11. Bxf6 gxf6 12. Ne3 Rc8 13. Bd3 Rg8 14. Ncd5
Bh6 15. Qh5 Rg6 16. c3 Bxd5 17. exd5 Bxe3 18. fxe3 e4 19. exd4 exd3 20. O-O-O
Qa5 21. Rxd3 Qxa2 22. Re1+ Kf8 23. Re2 Kg7 24. Rh3 Rh8 25. Rf2 b5 26. Qf3 Qa1+
27. Kc2 Qa4+ 28. Kb1 Re8 29. Rf1 Qa5 30. Rg3 Qd8 31. h4 Qe7 32. Ka2 h6 33. h5
Rg5 34. Rg4 f5 35. Qxf5 Rxg4 36. Qxg4+ Qg5 37. Qxg5+ hxg5 38. Kb3 a5 39. Ra1
Re2 40. Rg1 g4 41. Ka3 g3 42. b4 a4 43. c4 Re3+ 44. Ka2 bxc4 45. b5 Kh6 46. b6
{Zeitüberschreitung} 1-0

[Event "Goldener Springer 2020"]
[Site "Frankfurt-Griesheim"]
[Date "2020.??.??"]
[Round "5"]
[White "Lange, Martin"]
[Black "Baer, Christian"]
[Result "1/2-1/2"]
[WhiteElo "1749"]
[BlackElo "1500"]
[PlyCount "59"]
[EventDate "2020.??.??"]
[WhiteTeam "Sfr. Kelkheim"]
[BlackTeam "SC Steinbach"]

1. e4 e5 2. Nf3 Nc6 3. Bb5 a6 4. Ba4 Nf6 5. O-O Be7 6. Re1 O-O 7. c3 d6 8. h3
Re8 9. d4 exd4 10. cxd4 Bd7 11. Nc3 Bf8 12. Bg5 h6 13. Bh4 g5 14. Bg3 Bg7 15.
e5 dxe5 16. dxe5 Nh5 17. Bh2 f5 18. exf6 Rxe1+ 19. Nxe1 Nxf6 20. Qb3+ Kh8 21.
Qf7 b5 22. Bb3 Qe8 23. Bxc7 Qxf7 24. Bxf7 Bxh3 25. Bb6 Bf5 26. Rd1 Nd7 27. Be3
Nde5 28. Bd5 Rd8 29. f3 Nb4 30. g4 1/2-1/2

[Event "Goldener Springer 2020"]
[Site "Frankfurt-Griesheim"]
[Date "2020.??.??"]
[Round "5"]
[White "Koepke, Carolina"]
[Black "Eckert, Michael"]
[Result "1-0"]
[WhiteElo "1451"]
[BlackElo "1557"]
[PlyCount "77"]
[EventDate "2020.??.??"]
[WhiteTeam "SV Oberursel"]
[BlackTeam "SK Herborn"]

1. d4 d5 2. Bf4 Nf6 3. e3 e6 4. Nd2 Bd6 5. Bg3 Nbd7 6. Ngf3 b6 7. Bd3 Qe7 8.
Qe2 Bb7 9. e4 dxe4 10. Nxe4 Nxe4 11. Bxe4 Bxe4 12. Qxe4 O-O 13. Rd1 Nf6 14. Qd3
Nd5 15. Bxd6 Qxd6 16. O-O Rfd8 17. a3 Nf4 18. Qe4 Ng6 19. c4 c5 20. d5 Qf4 21.
Rfe1 Qxe4 22. Rxe4 exd5 23. cxd5 Rd6 24. Ne5 Rad8 25. Kf1 Rxd5 26. Rxd5 Rxd5
27. Nc6 Rd7 28. Re8+ Nf8 29. Ne7+ Rxe7 30. Rxe7 Ne6 31. Rxa7 b5 32. Rb7 b4 33.
axb4 cxb4 34. Rxb4 Kf8 35. Rc4 Ke7 36. Ke2 Kd6 37. Kd3 Kd5 38. b4 Nd8 39. Rd4+
1-0

[Event "Goldener Springer 2020"]
[Site "Frankfurt-Griesheim"]
[Date "2020.??.??"]
[Round "5"]
[White "Rutsatz, Mario"]
[Black "Zilch, Lothar"]
[Result "0-1"]
[WhiteElo "1969"]
[BlackElo "1871"]
[PlyCount "100"]
[EventDate "2020.??.??"]
[WhiteTeam "SF Frankfurt"]
[BlackTeam "SV Alsfeld"]

1. c4 e6 2. d4 d5 3. Nc3 a6 4. Nf3 Nf6 5. Bg5 Be7 6. e3 O-O 7. Qc2 h6 8. Bh4
Nbd7 9. cxd5 exd5 10. Bd3 c6 11. O-O-O b5 12. Rhg1 Nb6 13. Ne5 Bb7 14. g4 Nfd7
15. Bxe7 Qxe7 16. Nxd7 Nxd7 17. h4 f6 18. g5 hxg5 19. Bh7+ Kf7 20. hxg5 Ke8 21.
Qg6+ Kd8 22. gxf6 gxf6 23. Qh6 Kc7 24. Rg7 Rf7 25. Rdg1 Raf8 26. Bg8 Rxg7 27.
Rxg7 Qd6 28. Ne2 Bc8 29. Nf4 Re8 30. Bf7 Re7 31. Ng6 Qb4 32. Qh2+ Kb7 33. Qg1
Qc4+ 34. Kb1 Qd3+ 35. Ka1 Re4 36. Nf4 Qc4 37. Bg6 Rxf4 38. exf4 Qxd4 39. Bf5
Kc7 40. Qg4 Qxf2 41. a3 Qf1+ 42. Ka2 b4 43. axb4 Qc4+ 44. b3 Qxb4 45. Qe2 Qxf4
46. Bxd7 Bxd7 47. Qxa6 Qf2+ 48. Ka3 Qc5+ 49. Kb2 f5 50. Qe2 Qd4+ 0-1

[Event "Goldener Springer 2020"]
[Site "Frankfurt-Griesheim"]
[Date "2020.??.??"]
[Round "5"]
[White "Schulze, Manfred"]
[Black "Mamerow, Marvin Stephan"]
[Result "0-1"]
[WhiteElo "1984"]
[BlackElo "1938"]
[PlyCount "46"]
[EventDate "2020.??.??"]
[WhiteTeam "SC Steinbach"]
[BlackTeam "SC Matt im Park Frankfurt"]

1. e4 c5 2. Nf3 Nc6 3. d4 cxd4 4. Nxd4 g6 5. Nxc6 bxc6 6. Qd4 Nf6 7. e5 Nh5 8.
e6 Bg7 9. exf7+ Kxf7 10. Qd1 d5 11. Be2 Nf6 12. O-O Rf8 13. Nd2 Kg8 14. Nf3 Qd6
15. Re1 e5 16. c3 Rb8 17. Qa4 Ng4 18. h3 Nxf2 19. Be3 Nxh3+ 20. gxh3 e4 21. Kg2
exf3+ 22. Bxf3 Rxb2+ 23. Be2 Qe6 0-1

[Event "Goldener Springer 2020"]
[Site "Frankfurt-Griesheim"]
[Date "2020.??.??"]
[Round "5"]
[White "Pessotschinski, Eduard"]
[Black "Westhof, Benedikt"]
[Result "1-0"]
[WhiteElo "1398"]
[BlackElo "1795"]
[PlyCount "120"]
[EventDate "2020.??.??"]
[WhiteTeam "TuS Makkabi"]
[BlackTeam "SC Heusenstamm"]

1. e4 e5 2. Nf3 Nf6 3. Nc3 Bb4 4. Nd5 Nxd5 5. exd5 d6 6. a3 Ba5 7. b4 Bb6 8. c4
e4 9. Qe2 O-O 10. Ng1 Bd4 11. Rb1 Bf5 12. Bb2 e3 13. dxe3 Bxb1 14. Bxd4 Bg6 15.
Qg4 Nd7 16. Nf3 Nf6 17. Qh4 Ne4 18. Bd3 Qxh4 19. Nxh4 Nf6 20. Nxg6 hxg6 21. O-O
a6 22. a4 b5 23. a5 bxc4 24. Bxc4 Rfb8 25. Bc3 Ne4 26. Be1 Kf8 27. f3 Nf6 28.
e4 Nd7 29. Bc3 f6 30. Rb1 Ke7 31. Kf2 Rb7 32. Ke3 Ne5 33. Be2 c5 34. dxc6 Nxc6
35. Bc4 Rc7 36. Kd3 Ne5+ 37. Bxe5 dxe5 38. Bd5 Rb8 39. Kd2 Kd6 40. Kd3 Kd7 41.
Bc4 Rc6 42. b5 Rd6+ 43. Ke3 axb5 44. Bxb5+ Kd8 45. a6 Rxa6 46. Rd1+ Kc7 47.
Bxa6 Rd8 48. Rxd8 Kxd8 49. Bc4 f5 50. g3 Ke7 51. f4 Kf6 52. h4 exf4+ 53. Kxf4
fxe4 54. Kxe4 g5 55. h5 g6 56. h6 g4 57. Kf4 g5+ 58. Kxg4 Kg6 59. h7 Kxh7 60.
Kxg5 Kh8 1-0

[Event "Goldener Springer 2020"]
[Site "Frankfurt-Griesheim"]
[Date "2020.??.??"]
[Round "6"]
[White "Iliev, Mustafa Batuhan"]
[Black "Sergin, Mark"]
[Result "0-1"]
[WhiteElo "2049"]
[BlackElo "2207"]
[PlyCount "112"]
[EventDate "2020.??.??"]
[WhiteTeam "SV Grossauheim"]
[BlackTeam "SF Neuberg"]

1. e4 d5 2. exd5 Qxd5 3. Nf3 Bg4 4. Be2 Nf6 5. d4 c6 6. O-O Nbd7 7. h3 Bh5 8.
c4 Qa5 9. Bf4 e6 10. a3 Be7 11. Nc3 Qd8 12. Qd3 O-O 13. b4 a6 14. c5 Bg6 15.
Qc4 Nd5 16. Bh2 Qc8 17. Nd2 N7f6 18. Bf3 Bd8 19. Bd6 Re8 20. Qb3 Bc7 21. Be5
Nxc3 22. Qxc3 Nd5 23. Qb3 f6 24. Bxc7 Qxc7 25. Nc4 Qf4 26. Rad1 Qg5 27. Kh2 Bh5
28. Bxh5 Qxh5 29. Rfe1 Kh8 30. Qg3 Re7 31. Rd2 Rf8 32. Rde2 Qe8 33. Qd6 Nc7 34.
a4 Rd7 35. Qg3 Qb8 36. Nd6 Kg8 37. Kh1 Rfd8 38. f4 f5 39. Qg5 Rf8 40. Kg1 Rf6
41. Qg3 Re7 42. Re3 Nd5 43. Rb3 b5 44. Ra1 Ra7 45. axb5 axb5 46. Rba3 Rxa3 47.
Qxa3 Nxf4 48. Qa6 Ne2+ 49. Kh1 Nxd4 50. Qb6 Rf8 51. Ra7 Qd8 52. Rc7 Qh4 53. Qb7
Qe1+ 54. Kh2 Qe5+ 55. Kh1 Ne2 56. Rf7 Qa1+ 0-1

[Event "Goldener Springer 2020"]
[Site "Frankfurt-Griesheim"]
[Date "2020.??.??"]
[Round "6"]
[White "Chandler, Patrick"]
[Black "Klundt, Klaus"]
[Result "0-1"]
[WhiteElo "2155"]
[BlackElo "2293"]
[PlyCount "64"]
[EventDate "2020.??.??"]
[WhiteTeam "SC Nied"]
[BlackTeam "SC Heusenstamm"]

1. Nf3 Nf6 2. d4 d5 3. Bf4 e6 4. e3 c5 5. Nc3 a6 6. Ne2 Nc6 7. h3 Bd6 8. c3 O-O
9. g4 Re8 10. Bxd6 Qxd6 11. Bg2 Ne4 12. Nd2 f5 13. f4 Bd7 14. O-O Rac8 15. Nxe4
fxe4 16. Kh1 cxd4 17. Nxd4 Na5 18. Qe1 Nc4 19. Rf2 e5 20. fxe5 Nxe5 21. Nf5
Bxf5 22. Rxf5 g6 23. Rf1 Nc4 24. b3 Nb2 25. Qf2 Nd3 26. Qf7+ Kh8 27. Rf6 Qe5
28. Raf1 Re7 29. Qf8+ Rxf8 30. Rxf8+ Kg7 31. c4 dxc4 32. bxc4 Qg3 0-1

[Event "Goldener Springer 2020"]
[Site "Frankfurt-Griesheim"]
[Date "2020.??.??"]
[Round "6"]
[White "Voellinger, Florian"]
[Black "Weber, Samuel"]
[Result "0-1"]
[WhiteElo "1866"]
[BlackElo "2230"]
[PlyCount "84"]
[EventDate "2020.??.??"]
[WhiteTeam "SF Dettingen"]
[BlackTeam "SV Oberursel"]

1. d4 Nf6 2. c4 c5 3. d5 g6 4. Nc3 Bg7 5. e4 d6 6. f4 O-O 7. Nf3 Bg4 8. Be2
Nbd7 9. O-O a6 10. Qc2 Bxf3 11. Bxf3 Rb8 12. a4 Ne8 13. e5 dxe5 14. f5 Nd6 15.
fxg6 hxg6 16. Ne4 Nxe4 17. Qxe4 f5 18. Qh4 e4 19. Be2 Bd4+ 20. Kh1 e5 21. Bg5
Qe8 22. Ra3 Qf7 23. Rh3 Qg7 24. Bh6 Qh7 25. Qg5 Rf6 26. Qd2 Qf7 27. Bg5 Rb6 28.
b3 Nf6 29. Qa5 Rd6 30. b4 b6 31. Qxa6 cxb4 32. Qb5 Ra8 33. Qxb4 Bc5 34. Qb3 Nh7
35. Bd2 Qd7 36. Ra1 Bd4 37. Ra3 f4 38. Qd1 f3 39. Bf1 Qg4 40. Qc1 Bb2 41. gxf3
Bxc1 42. fxg4 Bxd2 0-1

[Event "Goldener Springer 2020"]
[Site "Frankfurt-Griesheim"]
[Date "2020.??.??"]
[Round "6"]
[White "Stock, Juergen"]
[Black "Schellen, Sven"]
[Result "1-0"]
[WhiteElo "1862"]
[BlackElo "1826"]
[PlyCount "113"]
[EventDate "2020.??.??"]
[WhiteTeam "Sfr. Kelkheim"]
[BlackTeam "SV Frankfurt Nord"]

1. d4 d5 2. e3 c5 3. c3 Nf6 4. Bd3 b6 5. Nd2 g6 6. f4 Bg7 7. Qe2 Bb7 8. Ngf3
O-O 9. O-O Qc8 10. a4 Ba6 11. b3 Bxd3 12. Qxd3 Nbd7 13. f5 Qc7 14. fxg6 fxg6
15. Ba3 e5 16. e4 Nxe4 17. Nxe4 dxe4 18. Qc4+ Kh8 19. Ng5 Rxf1+ 20. Rxf1 Bf6
21. Nxe4 Be7 22. Rf7 Re8 23. dxc5 bxc5 24. Rxh7+ Kxh7 25. Qf7+ Kh6 26. Bc1+ g5
27. Qxe8 Qd8 28. Qf7 Nf8 29. Nf2 Ng6 30. h4 Qf8 31. hxg5+ Bxg5 32. Bxg5+ Kxg5
33. Ne4+ Kh6 34. Qxf8+ Nxf8 35. Nxc5 Kg5 36. Kf2 Kf5 37. Ke3 Ng6 38. b4 Nf4 39.
Kf3 Nd5 40. g4+ Kf6 41. Ne4+ Ke6 42. b5 Nb6 43. a5 Nc4 44. a6 Kd5 45. g5 Ke6
46. g6 Ke7 47. Kg4 Kf8 48. Kg5 Kg7 49. Nf6 Nb6 50. Nh5+ Kg8 51. g7 e4 52. Kg6
Nd7 53. Nf6+ Nxf6 54. Kxf6 e3 55. b6 e2 56. bxa7 e1=Q 57. a8=Q+ 1-0

[Event "Goldener Springer 2020"]
[Site "Frankfurt-Griesheim"]
[Date "2020.??.??"]
[Round "6.5"]
[White "Krychevskiy, Dmytro"]
[Black "Bluebaum, Johanna"]
[Result "0-1"]
[WhiteElo "1904"]
[BlackElo "1979"]
[PlyCount "70"]
[EventDate "2020.??.??"]
[WhiteTeam "SV Oberursel"]
[BlackTeam "SK Marburg"]

1. e4 e6 2. Nf3 d5 3. e5 c5 4. b4 b6 5. bxc5 bxc5 6. c3 Bd7 7. Bd3 Nc6 8. O-O
Nge7 9. Bc2 Ng6 10. d4 Be7 11. Re1 O-O 12. h4 Nxh4 13. Nxh4 Bxh4 14. g3 Be7 15.
Qh5 g6 16. Qh6 f5 17. exf6 Rxf6 18. Be3 cxd4 19. cxd4 Nb4 20. Bb3 Rc8 21. Nd2
Rf5 22. Bd1 Nc2 23. Bxc2 Rxc2 24. Kg2 Rh5 25. Qf4 Bg5 26. Qf3 Rxd2 27. Bxd2
Bxd2 28. Re2 Rf5 29. Qxf5 exf5 30. Rxd2 f4 31. Rc1 Qf6 32. f3 fxg3 33. Rb1 Qh4
34. Rh1 Qf4 35. Rb2 h5 0-1

[Event "Goldener Springer 2020"]
[Site "Frankfurt-Griesheim"]
[Date "2020.??.??"]
[Round "6.6"]
[White "Calvi, Stefan"]
[Black "Varma, Christopher"]
[Result "1-0"]
[WhiteElo "2072"]
[BlackElo "1889"]
[PlyCount "81"]
[EventDate "2020.??.??"]
[WhiteTeam "SF Frankfurt"]
[BlackTeam "SV Oberursel"]

1. e4 d5 2. exd5 Qxd5 3. Nc3 Qd8 4. d4 Nf6 5. Be2 c6 6. Nf3 Bg4 7. O-O e6 8. h3
Bxf3 9. Bxf3 Be7 10. b3 O-O 11. Bb2 Nbd7 12. Qe2 Qc7 13. Rfd1 Rfe8 14. g3 Rad8
15. Ne4 Nxe4 16. Bxe4 c5 17. Bg2 Bf6 18. c4 b6 19. Rd2 cxd4 20. Bxd4 Bxd4 21.
Rxd4 Nf6 22. Rad1 Rxd4 23. Rxd4 Rd8 24. Qd2 Rxd4 25. Qxd4 Qd7 26. Qxd7 Nxd7 27.
Kf1 Kf8 28. Ke2 Ke7 29. Kd3 Kd6 30. b4 f5 31. f4 h6 32. Kd4 g5 33. Bf3 gxf4 34.
gxf4 e5+ 35. fxe5+ Nxe5 36. c5+ bxc5+ 37. bxc5+ Ke6 38. Bd5+ Kf6 39. c6 Ng6 40.
c7 Ne7 41. Bb7 1-0

[Event "Goldener Springer 2020"]
[Site "Frankfurt-Griesheim"]
[Date "2020.??.??"]
[Round "6"]
[White "Oezdemir, Ali Oezden"]
[Black "Dreis, Volker"]
[Result "1-0"]
[WhiteElo "2016"]
[BlackElo "1926"]
[PlyCount "69"]
[EventDate "2020.??.??"]
[WhiteTeam "SK Langen"]
[BlackTeam "SV Frankfurt Nord"]

1. Nf3 Nf6 2. g3 c5 3. Bg2 Nc6 4. O-O g6 5. d3 Bg7 6. e4 d6 7. Nbd2 Bg4 8. h3
Bd7 9. a4 Qc8 10. Kh2 h5 11. Nc4 Qc7 12. Bf4 e5 13. Bg5 O-O-O 14. Nfd2 Rdf8 15.
Ne3 Be6 16. Ndc4 Nh7 17. Nd5 Bxd5 18. exd5 Nb8 19. Bd2 f5 20. b4 Nd7 21. Rb1 h4
22. a5 g5 23. g4 e4 24. dxe4 fxe4 25. Bxe4 Ne5 26. Ne3 Nf6 27. Bf5+ Nfd7 28.
Ng2 Rxf5 29. gxf5 Nf6 30. Bxg5 Ne4 31. f4 Nc3 32. Qe1 Nxb1 33. f6 Bh6 34. Bxh6
Rxh6 35. fxe5 1-0

[Event "Goldener Springer 2020"]
[Site "Frankfurt-Griesheim"]
[Date "2020.??.??"]
[Round "6"]
[White "Prior, Benjamin"]
[Black "Emig, Nils"]
[Result "1-0"]
[WhiteElo "1831"]
[BlackElo "1823"]
[PlyCount "47"]
[EventDate "2020.??.??"]
[WhiteTeam "SF Anderssen Wetzlar"]
[BlackTeam "SK Marburg"]

1. e4 c5 2. Nf3 e6 3. d4 cxd4 4. Nxd4 Nc6 5. Nc3 Qc7 6. Be3 a6 7. Be2 Nf6 8.
O-O Bb4 9. f3 b5 10. a4 bxa4 11. Rxa4 Be7 12. Qd2 Bb7 13. Rfa1 Nxd4 14. Qxd4
Rb8 15. Bxa6 Bxa6 16. Rxa6 Rxb2 17. Ra8+ Rb8 18. Nb5 Qd8 19. Bf4 Rxb5 20. Rxd8+
Bxd8 21. Bd6 Nh5 22. Ra8 f5 23. Bc7 O-O 24. Rxd8 1-0

[Event "Goldener Springer 2020"]
[Site "Frankfurt-Griesheim"]
[Date "2020.??.??"]
[Round "6"]
[White "Reitz, Gerhard"]
[Black "Olesiak, Marcin"]
[Result "1/2-1/2"]
[WhiteElo "1990"]
[BlackElo "2036"]
[PlyCount "67"]
[EventDate "2020.??.??"]
[WhiteTeam "SC Obertshausen"]
[BlackTeam "SV Oberursel"]

1. e4 c5 2. Nf3 d6 3. d4 cxd4 4. Nxd4 Nf6 5. Nc3 a6 6. a4 e5 7. Nb3 Be7 8. Be2
Be6 9. O-O O-O 10. Be3 Nbd7 11. f4 Qc7 12. f5 Bc4 13. Rf3 Rfe8 14. Rh3 b5 15.
Nd2 Bxe2 16. Nxe2 d5 17. Ng3 Bc5 18. Bxc5 Nxc5 19. exd5 Nxd5 20. Nge4 Rad8 21.
Qh5 h6 22. Qg4 Nxe4 23. Nxe4 Kh8 24. Re1 f6 25. axb5 axb5 26. c3 Nf4 27. Rg3
Nd3 28. Rb1 Qa7+ 29. Kh1 Nf4 30. h3 Qf7 31. Ra1 Ra8 32. Rd1 Red8 33. Kh2 Rxd1
34. Qxd1 1/2-1/2

[Event "Goldener Springer 2020"]
[Site "Frankfurt-Griesheim"]
[Date "2020.??.??"]
[Round "6"]
[White "Baer, Christian"]
[Black "Weiland, Thomas"]
[Result "1/2-1/2"]
[WhiteElo "1500"]
[BlackElo "1790"]
[PlyCount "50"]
[EventDate "2020.??.??"]
[WhiteTeam "SC Steinbach"]
[BlackTeam "SV Oberursel"]

1. e4 b6 2. g3 Bb7 3. Bg2 e5 4. Nc3 Nf6 5. Nge2 Nc6 6. O-O a6 7. d3 Be7 8. Nd5
h6 9. h3 Bd6 10. f4 Nxd5 11. exd5 Ne7 12. fxe5 Bxe5 13. d4 Bd6 14. c4 c5 15.
Bf4 Qc7 16. Bxd6 Qxd6 17. dxc5 Qxc5+ 18. Qd4 O-O 19. Qxc5 bxc5 20. Rae1 d6 21.
Nc3 Ng6 22. b3 Rad8 23. Be4 Ne5 24. Bc2 Bc8 25. Bf5 Bxf5 1/2-1/2

[Event "Goldener Springer 2020"]
[Site "Frankfurt-Griesheim"]
[Date "2020.??.??"]
[Round "6"]
[White "Zilch, Lothar"]
[Black "Koepke, Carolina"]
[Result "1-0"]
[WhiteElo "1871"]
[BlackElo "1451"]
[PlyCount "63"]
[EventDate "2020.??.??"]
[WhiteTeam "SV Alsfeld"]
[BlackTeam "SV Oberursel"]

1. c4 c5 2. Nc3 g6 3. e3 e5 4. d4 exd4 5. exd4 Qe7+ 6. Be2 d6 7. Nf3 Bg7 8. O-O
Nf6 9. Bg5 h6 10. Bh4 Bf5 11. dxc5 dxc5 12. Nd5 Qd8 13. Qb3 g5 14. Rad1 Nxd5
15. Qxb7 Nd7 16. Qxd5 Be6 17. Qe4 Kf8 18. Bg3 Bxb2 19. Be5 Bxe5 20. Nxe5 Rc8
21. Nxd7+ Bxd7 22. Qe5 Rh7 23. Qd6+ Ke8 24. Bd3 f5 25. Qg6+ Rf7 26. Rfe1+ Kf8
27. Qxh6+ Kg8 28. Bc2 Rc6 29. Qh5 Qf6 30. Rxd7 Rxd7 31. Qe8+ Qf8 32. Qxd7 1-0

[Event "Goldener Springer 2020"]
[Site "Frankfurt-Griesheim"]
[Date "2020.??.??"]
[Round "6"]
[White "Mamerow, Marvin Stephan"]
[Black "Rondonuwu, Grover"]
[Result "0-1"]
[WhiteElo "1938"]
[BlackElo "2053"]
[PlyCount "64"]
[EventDate "2020.??.??"]
[WhiteTeam "SC Matt im Park Frankfurt"]
[BlackTeam "Frankfurter TV"]

1. e4 c5 2. Nf3 g6 3. c3 Bg7 4. d4 cxd4 5. cxd4 d5 6. exd5 Nf6 7. Nc3 Nxd5 8.
Bc4 Nb6 9. Bb3 O-O 10. O-O Nc6 11. Re1 Bg4 12. Bg5 h6 13. Be3 Qd7 14. h3 Bxf3
15. Qxf3 Rad8 16. Rad1 Na5 17. Bc2 Nac4 18. Bc1 e6 19. Ne4 Nd5 20. b3 Nd6 21.
Ba3 Nxe4 22. Bxf8 Ng5 23. Qe2 Bxf8 24. h4 Nh7 25. h5 g5 26. Qd3 Nhf6 27. Re5
Bg7 28. Bb1 Nf4 29. Qf3 N6xh5 30. Rc5 Nf6 31. Rdc1 N4d5 32. Qd3 Bf8 0-1

[Event "Goldener Springer 2020"]
[Site "Frankfurt-Griesheim"]
[Date "2020.??.??"]
[Round "6"]
[White "Degenhardt, Andreas"]
[Black "Lange, Martin"]
[Result "1/2-1/2"]
[WhiteElo "1811"]
[BlackElo "1749"]
[PlyCount "24"]
[EventDate "2020.??.??"]
[WhiteTeam "SC Lorsch"]
[BlackTeam "Sfr. Kelkheim"]

1. d4 Nf6 2. Nf3 g6 3. Nbd2 d5 4. b4 Bg7 5. Bb2 c6 6. e3 a5 7. b5 O-O 8. c4
dxc4 9. Bxc4 cxb5 10. Bxb5 Bd7 11. Bxd7 Nbxd7 12. O-O b5 1/2-1/2

[Event "Goldener Springer 2020"]
[Site "Frankfurt-Griesheim"]
[Date "2020.??.??"]
[Round "6"]
[White "Kaehm, Kevin"]
[Black "Kuban, Guenther"]
[Result "0-1"]
[WhiteElo "1608"]
[BlackElo "2105"]
[PlyCount "94"]
[EventDate "2020.??.??"]
[WhiteTeam "SK Bischofsheim"]
[BlackTeam "SV Oberursel"]

1. d4 d5 2. Nf3 c6 3. Bf4 f5 4. g3 Nf6 5. c3 e6 6. Bg2 Bd6 7. Ne5 Nh5 8. Qd2
Nxf4 9. Qxf4 Qb6 10. b3 Nd7 11. Nxd7 Kxd7 12. Qg5 g6 13. Qf6 Re8 14. O-O Qd8
15. Qxd8+ Kxd8 16. Nd2 a5 17. c4 Bb4 18. Nf3 a4 19. c5 Kc7 20. Rfc1 axb3 21.
axb3 Rxa1 22. Rxa1 e5 23. Nxe5 Bc3 24. Rd1 Bxd4 25. Rxd4 Rxe5 26. e3 b6 27.
cxb6+ Kxb6 28. Rb4+ Kc5 29. Rb8 Ba6 30. b4+ Kd6 31. Rd8+ Kc7 32. Rh8 Re7 33.
Ra8 Kb6 34. Rd8 Bc4 35. Bf1 Kb5 36. Rb8+ Ka4 37. Rb6 Rc7 38. h4 Bb5 39. Bxb5+
cxb5 40. Rd6 Kxb4 41. Rxd5 Ka4 42. g4 fxg4 43. e4 b4 44. e5 b3 45. Rd4+ Ka3 46.
Rd6 b2 47. Ra6+ Kb3 0-1

[Event "Goldener Springer 2020"]
[Site "Frankfurt-Griesheim"]
[Date "2020.??.??"]
[Round "6"]
[White "Eckert, Michael"]
[Black "Pessotschinski, Eduard"]
[Result "1-0"]
[WhiteElo "1557"]
[BlackElo "1398"]
[PlyCount "66"]
[EventDate "2020.??.??"]
[WhiteTeam "SK Herborn"]
[BlackTeam "TuS Makkabi"]

1. c4 e5 2. g3 Nf6 3. e3 Bc5 4. d4 exd4 5. exd4 Bb4+ 6. Bd2 Qe7+ 7. Ne2 O-O 8.
Bg2 Nc6 9. O-O Re8 10. Re1 Bxd2 11. Nxd2 d6 12. Nc3 Qd8 13. d5 Ne5 14. Qc2 Bd7
15. b3 Qc8 16. Nde4 Nfg4 17. Re2 Nh6 18. Rae1 Bg4 19. Ng5 Nf5 20. f3 Bxf3 21.
Bxf3 h6 22. Bg4 hxg5 23. Bxf5 Nf3+ 24. Kf2 Rxe2+ 25. Rxe2 Nd4 26. Bxc8 Nxc2 27.
Rxc2 Rxc8 28. Re2 Kf8 29. Kf3 f6 30. h4 gxh4 31. gxh4 Kf7 32. Kf4 Rh8 33. Kg4
g6 1-0

[Event "Goldener Springer 2020"]
[Site "Frankfurt-Griesheim"]
[Date "2020.??.??"]
[Round "6"]
[White "Westhof, Benedikt"]
[Black "Rutsatz, Mario"]
[Result "0-1"]
[WhiteElo "1795"]
[BlackElo "1969"]
[PlyCount "104"]
[EventDate "2020.??.??"]
[WhiteTeam "SC Heusenstamm"]
[BlackTeam "SF Frankfurt"]

1. d4 Nf6 2. c4 c5 3. d5 b5 4. cxb5 a6 5. bxa6 g6 6. Nc3 Bxa6 7. e4 Bxf1 8.
Kxf1 d6 9. Nf3 Bg7 10. g3 O-O 11. Kg2 Nbd7 12. a4 Ra6 13. Qe2 Qa8 14. Rb1 e6
15. b3 Rb6 16. Rd1 Ng4 17. Nb5 Qa6 18. Bb2 Nge5 19. Nxe5 Nxe5 20. f4 Nd7 21.
Bxg7 Kxg7 22. dxe6 fxe6 23. Qg4 Nf6 24. Qxe6 Re8 25. Qh3 Rxe4 26. Re1 Qb7 27.
Kg1 d5 28. Qf1 d4 29. Rbc1 Rbe6 30. Rxe4 Nxe4 31. b4 Nd2 32. Qg2 Nf3+ 33. Kf2
d3 34. Qxf3 Re2+ 35. Qxe2 dxe2 36. bxc5 Qd5 37. c6 Qd1 38. Rxd1 exd1=Q 39. c7
Qc2+ 40. Kg1 Qc5+ 41. Kg2 Qc6+ 42. Kh3 Kf6 43. a5 Ke7 44. a6 Kd7 45. a7 Qa8 46.
Kh4 Kc6 47. Nd4+ Kxc7 48. Kg5 Kb6 49. Kh6 Qxa7 50. h4 Qd7 51. Nf3 Qg4 52. Ng5
Qxg3 0-1